[Event "AUT_chT"]
[Site "2005/2006"]
[Date "2006.03.24"]
[Round "9"]
[White "Ragger, Markus"]
[Black "Kosten, Anthony C"]
[Result "1/2-1/2"]
[WhiteElo "2451"]
[BlackElo "2501"]
[PlyCount "54"]
[EventDate "2005.10.??"]
[EventType "team"]
[EventRounds "11"]
[EventCountry "AUT"]
[WhiteTeam "Maria Saal"]
[BlackTeam "Holz Dohr - Semriach"]
[WhiteTeamCountry "AUT"]
[BlackTeamCountry "AUT"]

1. e4 e5 2. Nf3 Nc6 3. d4 exd4 4. Nxd4 Nf6 5. Nxc6 bxc6 6. e5 Qe7 7. Qe2 Nd5 8.
c4 Ba6 9. b3 g6 10. g3 Bg7 11. Bb2 O-O 12. Bg2 Rae8 13. O-O Nb6 14. f4 f6 15.
Nd2 fxe5 16. fxe5 Bxe5 17. Rxf8+ Qxf8 18. Ne4 Qg7 19. Rf1 Rf8 20. Rxf8+ Kxf8
21. Qf2+ Kg8 22. Nf6+ Qxf6 23. Qxf6 Bxf6 24. Bxf6 d5 25. Be5 Bb7 26. cxd5 Nxd5
27. Bxd5+ cxd5 1/2-1/2

[Event "AUT_chT"]
[Site "2005/2006"]
[Date "2006.03.24"]
[Round "9"]
[White "Freitag, Manfred"]
[Black "Hoelzl, Franz"]
[Result "1-0"]
[WhiteElo "2419"]
[BlackElo "2364"]
[PlyCount "61"]
[EventDate "2005.10.??"]
[EventType "team"]
[EventRounds "11"]
[EventCountry "AUT"]
[WhiteTeam "Holz Dohr - Semriach"]
[BlackTeam "Maria Saal"]
[WhiteTeamCountry "AUT"]
[BlackTeamCountry "AUT"]

1. d4 e6 2. c4 b6 3. Nf3 Bb7 4. a3 Nf6 5. Nc3 d5 6. cxd5 Nxd5 7. Qc2 Be7 8. e4
Nxc3 9. bxc3 c5 10. Bb5+ Bc6 11. Bd3 Nd7 12. O-O O-O 13. Rd1 cxd4 14. cxd4 Rc8
15. Qe2 Ba4 16. Rd2 Qc7 17. Bb2 Qf4 18. h3 Rfe8 19. Re1 Bf8 20. Bb1 Bc6 21. Qd1
Nf6 22. Rde2 Bb5 23. Re3 Nd7 24. e5 Bc6 25. Re4 Qh6 26. Bc1 Qh5 27. Rh4 Bxf3
28. Rxh5 Bxd1 29. Bxh7+ Kh8 30. Rxd1 Be7 31. d5 1-0

[Event "AUT_chT"]
[Site "2005/2006"]
[Date "2006.03.24"]
[Round "9"]
[White "Boensch, Uwe"]
[Black "Rotstein, Arkadij"]
[Result "1-0"]
[WhiteElo "2538"]
[BlackElo "2520"]
[PlyCount "119"]
[EventDate "2005.10.??"]
[EventType "team"]
[EventRounds "11"]
[EventCountry "AUT"]
[WhiteTeam "Sparkasse Jenbach"]
[BlackTeam "Tschaturanga Neubau"]
[WhiteTeamCountry "AUT"]
[BlackTeamCountry "AUT"]

1. d4 Nf6 2. c4 e6 3. Nc3 Bb4 4. Qc2 O-O 5. a3 Bxc3+ 6. Qxc3 d6 7. g3 Qe7 8.
Nf3 Re8 9. Bg2 e5 10. d5 c6 11. dxc6 Nxc6 12. O-O d5 13. Bg5 d4 14. Qc2 h6 15.
Bxf6 Qxf6 16. Nd2 Bg4 17. c5 Rad8 18. Ne4 Qg6 19. Qd2 Qh5 20. f3 Bh3 21. g4 Qh4
22. Qe1 Qxe1 23. Rfxe1 Bxg2 24. Kxg2 Re6 25. b4 Ne7 26. Kf2 Nd5 27. Rec1 Kf8
28. b5 Ke7 29. a4 g6 30. a5 a6 31. Rab1 axb5 32. Rxb5 Rd7 33. Rcb1 f5 34. gxf5
gxf5 35. Nd6 Nc3 36. Rxb7 Nxb1 37. a6 Rf6 38. c6 Kxd6 39. cxd7 Ke7 40. a7 Ra6
41. Rb8 Kxd7 42. a8=Q Rxa8 43. Rxa8 Nc3 44. Rh8 Ke7 45. Rxh6 Nd1+ 46. Ke1 Ne3
47. h4 Kf7 48. h5 Ng2+ 49. Kd2 Nf4 50. Rh7+ Kf6 51. h6 Kg6 52. Re7 Kxh6 53.
Rxe5 Kg5 54. Re7 Kf6 55. Re8 Kf7 56. Rd8 Ne6 57. Rd7+ Kf6 58. Rd5 Kg5 59. Rd6
Nc5 60. Rxd4 1-0

[Event "AUT_chT"]
[Site "2005/2006"]
[Date "2006.03.24"]
[Round "9"]
[White "Kilgus, Georg"]
[Black "Schlosser, Philipp"]
[Result "1-0"]
[WhiteElo "2339"]
[BlackElo "2560"]
[PlyCount "79"]
[EventDate "2005.10.??"]
[EventType "team"]
[EventRounds "11"]
[EventCountry "AUT"]
[WhiteTeam "Tschaturanga Neubau"]
[BlackTeam "Sparkasse Jenbach"]
[WhiteTeamCountry "AUT"]
[BlackTeamCountry "AUT"]

1. d4 d5 2. c4 e6 3. Nf3 Nf6 4. Bg5 h6 5. Bh4 dxc4 6. e3 b5 7. a4 c6 8. Nc3 Bb4
9. Be2 Nbd7 10. O-O Qb6 11. Qc2 Bb7 12. Rfb1 a5 13. e4 O-O 14. e5 Nd5 15. Ne4
Rfc8 16. Bg3 Ba6 17. Rd1 Qd8 18. h3 N7b6 19. Bh4 Qf8 20. Nh2 Nd7 21. Ng4 Kh8
22. Rf1 Nf4 23. Bf3 Nd3 24. b3 Rab8 25. Bg3 Bb7 26. bxc4 bxc4 27. Qxc4 Nb2 28.
Qb3 Ba6 29. Qxb2 Bxf1 30. Rxf1 Rc7 31. Qc2 Be7 32. Nd6 Rb4 33. Rd1 Nb6 34. Qc5
Nxa4 35. Qxa5 Qb8 36. Qa6 Kg8 37. Ra1 Ra7 38. Qxc6 h5 39. Nh2 Rxd4 40. Bxh5 1-0

[Event "AUT_chT"]
[Site "2005/2006"]
[Date "2006.03.24"]
[Round "9"]
[White "Stangl, Markus"]
[Black "Srienz, Christian"]
[Result "1/2-1/2"]
[WhiteElo "2469"]
[BlackElo "2233"]
[PlyCount "89"]
[EventDate "2005.10.??"]
[EventType "team"]
[EventRounds "11"]
[EventCountry "AUT"]
[WhiteTeam "Sparkasse Jenbach"]
[BlackTeam "Tschaturanga Neubau"]
[WhiteTeamCountry "AUT"]
[BlackTeamCountry "AUT"]

1. c4 Nf6 2. g3 a6 3. Nf3 e6 4. a4 c5 5. Bg2 Nc6 6. O-O Be7 7. d4 d5 8. cxd5
exd5 9. Nc3 O-O 10. Bg5 cxd4 11. Nxd4 h6 12. Be3 Re8 13. Qb3 Nb4 14. Rfd1 Qa5
15. Rac1 Bf8 16. Nc2 Be6 17. Bd4 Ne4 18. Nxb4 Bxb4 19. Na2 Bc5 20. Bxc5 Nxc5
21. Qb4 Qxa4 22. Bxd5 Bxd5 23. Rxd5 Qxa2 24. Rdxc5 Rxe2 25. Qxb7 Rae8 26. Rc8
Qa5 27. Qd7 Qb5 28. Qxb5 axb5 29. Rxe8+ Rxe8 30. Rc5 Rb8 31. Kf1 Kf8 32. Ke2
Ke7 33. Rc7+ Ke6 34. Ke3 Rd8 35. f4 g6 36. g4 Rd1 37. f5+ gxf5 38. gxf5+ Kxf5
39. Rxf7+ Kg4 40. Rf4+ Kh3 41. Rf5 Kxh2 42. Rxb5 Kg3 43. b4 Rd8 44. Rb6 Re8+
45. Kd4 1/2-1/2

[Event "AUT_chT"]
[Site "2005/2006"]
[Date "2006.03.24"]
[Round "9"]
[White "Wukits, Rene"]
[Black "Lehner, Oliver"]
[Result "1/2-1/2"]
[WhiteElo "2321"]
[BlackElo "2408"]
[PlyCount "160"]
[EventDate "2005.10.??"]
[EventType "team"]
[EventRounds "11"]
[EventCountry "AUT"]
[WhiteTeam "Tschaturanga Neubau"]
[BlackTeam "Sparkasse Jenbach"]
[WhiteTeamCountry "AUT"]
[BlackTeamCountry "AUT"]

1. e4 c6 2. d4 d5 3. Nc3 g6 4. h4 h5 5. Bd3 dxe4 6. Nxe4 Bg4 7. f3 Bf5 8. Ne2
Bg7 9. Ng5 Nh6 10. Bc4 Nd7 11. Bb3 e5 12. Be3 exd4 13. Bxd4 Ne5 14. O-O O-O 15.
Re1 Qc7 16. Bc5 Rad8 17. Qc1 Rfe8 18. Nf4 Qa5 19. Bf2 Nd7 20. c3 Ne5 21. Qe3 a6
22. Rad1 Rxd1 23. Rxd1 Qc7 24. Qd2 b5 25. Qd6 Qxd6 26. Rxd6 Bf8 27. Rd2 Nc4 28.
Bxc4 bxc4 29. Kf1 f6 30. Ne4 Kf7 31. Nd6+ Bxd6 32. Rxd6 Rc8 33. Be3 Ng8 34. Ke2
Rb8 35. Bc1 Ne7 36. Rd4 Bb1 37. a3 Ba2 38. Rd7 Bb1 39. Ra7 Rb6 40. Ke3 Ke8 41.
g4 hxg4 42. fxg4 Bc2 43. h5 gxh5 44. gxh5 Nf5+ 45. Kd2 Be4 46. Ne6 Bf3 47. Ng7+
Nxg7 48. h6 Be4 49. Ke3 Bd3 50. hxg7 Bh7 51. Kd4 Rb5 52. Rxa6 Bg8 53. Rxc6 Rd5+
54. Kxc4 Rd1+ 55. Kc5 Rxc1 56. Rxf6 Bf7 57. Rg6 Bg8 58. Rg2 Re1 59. Rg5 Re7 60.
a4 Kd8 61. Kb6 Kc8 62. b4 Re6+ 63. Ka5 Kb7 64. b5 Re4 65. b6 Re7 66. Kb5 Re1
67. a5 Rb1+ 68. Kc5 Rc1 69. Kd4 Rd1+ 70. Ke4 Rd7 71. c4 Bxc4 72. g8=Q Bxg8 73.
Rxg8 Rh7 74. Rg5 Kc6 75. Rg6+ Kb5 76. Kd5 Kxa5 77. Kc6 Ka6 78. Rd6 Rb7 79. Kc5
Rh7 80. Kc6 Rb7 1/2-1/2

[Event "AUT_chT"]
[Site "2005/2006"]
[Date "2006.03.24"]
[Round "9"]
[White "Schwarz, Michael"]
[Black "Kleiser, Gregor"]
[Result "1-0"]
[WhiteElo "2398"]
[BlackElo "2263"]
[PlyCount "81"]
[EventDate "2005.10.??"]
[EventType "team"]
[EventRounds "11"]
[EventCountry "AUT"]
[WhiteTeam "Sparkasse Jenbach"]
[BlackTeam "Tschaturanga Neubau"]
[WhiteTeamCountry "AUT"]
[BlackTeamCountry "AUT"]

1. d4 Nf6 2. g3 g6 3. Bg2 d5 4. Nf3 Bg7 5. O-O O-O 6. c4 c6 7. Qb3 Qb6 8. Nc3
Bf5 9. h3 Nbd7 10. cxd5 Qxb3 11. axb3 Nxd5 12. Nxd5 cxd5 13. Bg5 Nf6 14. Rfc1
h6 15. Bf4 g5 16. Be5 Rfd8 17. Nd2 Rac8 18. Bc7 Rd7 19. Be5 Rdd8 20. e3 e6 21.
g4 Bd3 22. Rc3 Rxc3 23. bxc3 Rc8 24. c4 a6 25. Bxf6 Bxf6 26. cxd5 e5 27. Nf3
exd4 28. Nxd4 Bxd4 29. exd4 Rd8 30. Rc1 Rd7 31. Kh2 f5 32. Re1 Kg7 33. Re6 fxg4
34. hxg4 Bg6 35. Rb6 Bf7 36. d6 a5 37. Bxb7 Be8 38. Bc8 Rd8 39. Bf5 Bg6 40.
Bxg6 Kxg6 41. Kg3 1-0

[Event "AUT_chT"]
[Site "2005/2006"]
[Date "2006.03.24"]
[Round "9"]
[White "Bischoff, Klaus"]
[Black "Gyimesi, Zoltan"]
[Result "1/2-1/2"]
[WhiteElo "2560"]
[BlackElo "2602"]
[PlyCount "35"]
[EventDate "2005.10.??"]
[EventType "team"]
[EventRounds "11"]
[EventCountry "AUT"]
[WhiteTeam "Die Klagenfurter"]
[BlackTeam "Union Ansfelden"]
[WhiteTeamCountry "AUT"]
[BlackTeamCountry "AUT"]

1. c4 Nf6 2. Nc3 e5 3. Nf3 Nc6 4. d3 Bb4 5. Bd2 O-O 6. e3 Re8 7. Be2 a5 8. O-O
d6 9. b3 d5 10. Nxd5 Nxd5 11. cxd5 Qxd5 12. a3 Bxd2 13. Nxd2 Be6 14. Qc2 Qd7
15. Ne4 Bd5 16. Nc3 Ne7 17. Rfd1 Qe6 18. Rab1 1/2-1/2

[Event "AUT_chT"]
[Site "2005/2006"]
[Date "2006.03.24"]
[Round "9"]
[White "Stanec, Nikolaus"]
[Black "Horvath, Jozsef"]
[Result "1/2-1/2"]
[WhiteElo "2543"]
[BlackElo "2525"]
[PlyCount "21"]
[EventDate "2005.10.??"]
[EventType "team"]
[EventRounds "11"]
[EventCountry "AUT"]
[WhiteTeam "Union Ansfelden"]
[BlackTeam "Die Klagenfurter"]
[WhiteTeamCountry "AUT"]
[BlackTeamCountry "AUT"]

1. c4 Nf6 2. Nc3 c5 3. g3 e6 4. Nf3 b6 5. Bg2 Bb7 6. O-O Be7 7. Re1 d5 8. cxd5
Nxd5 9. Nxd5 Qxd5 10. d4 cxd4 11. Qxd4 1/2-1/2

[Event "AUT_chT"]
[Site "2005/2006"]
[Date "2006.03.24"]
[Round "9"]
[White "Knoll, Hermann"]
[Black "Genser, Harald"]
[Result "1/2-1/2"]
[WhiteElo "2361"]
[BlackElo "2336"]
[PlyCount "65"]
[EventDate "2005.10.??"]
[EventType "team"]
[EventRounds "11"]
[EventCountry "AUT"]
[WhiteTeam "Union Ansfelden"]
[BlackTeam "Die Klagenfurter"]
[WhiteTeamCountry "AUT"]
[BlackTeamCountry "AUT"]

1. d4 Nf6 2. c4 e6 3. Nf3 d5 4. Nc3 dxc4 5. e3 a6 6. Bxc4 b5 7. Bd3 Bb7 8. a4
b4 9. Nb1 c5 10. O-O Nc6 11. dxc5 Bxc5 12. Qe2 O-O 13. Nbd2 Qc7 14. Nb3 Be7 15.
Bd2 Ne5 16. Nxe5 Qxe5 17. f4 Qd5 18. Bc4 Qf5 19. Nd4 Qa5 20. Rfd1 Rfd8 21. Be1
Bd5 22. f5 exf5 23. Nxf5 Bf8 24. Bxd5 Rxd5 25. Rxd5 Qxd5 26. Qf3 Rc8 27. Rd1
Qb3 28. Bh4 Qxb2 29. Nh6+ Kh8 30. Nxf7+ Kg8 31. Nh6+ Kh8 32. Nf7+ Kg8 33. Nh6+
1/2-1/2

[Event "AUT_chT"]
[Site "2005/2006"]
[Date "2006.03.24"]
[Round "9"]
[White "Balogh, Csaba"]
[Black "Voloshin, Leonid"]
[Result "1/2-1/2"]
[WhiteElo "2561"]
[BlackElo "2466"]
[PlyCount "40"]
[EventDate "2005.10.??"]
[EventType "team"]
[EventRounds "11"]
[EventCountry "AUT"]
[WhiteTeam "Admiral Fuerstenfeld"]
[BlackTeam "Sparkasse Goetzis"]
[WhiteTeamCountry "AUT"]
[BlackTeamCountry "AUT"]

1. e4 e5 2. Nf3 Nf6 3. d4 Nxe4 4. Bd3 d5 5. Nxe5 Nd7 6. Nc3 Nxc3 7. bxc3 Bd6 8.
Qh5 g6 9. Qh6 Nxe5 10. dxe5 Bxe5 11. O-O Qf6 12. Rb1 Bxc3 13. Ba3 b6 14. Qe3+
Kd7 15. Rb3 Bd4 16. Qd2 Bb7 17. Bb5+ c6 18. Rf3 Qg7 19. Qg5 f5 20. Bd3 Rae8
1/2-1/2

[Event "AUT_chT"]
[Site "2005/2006"]
[Date "2006.03.24"]
[Round "9"]
[White "Dobosz, Henryk"]
[Black "Fogarasi, Tibor"]
[Result "1/2-1/2"]
[WhiteElo "2433"]
[BlackElo "2481"]
[PlyCount "41"]
[EventDate "2005.10.??"]
[EventType "team"]
[EventRounds "11"]
[EventCountry "AUT"]
[WhiteTeam "Sparkasse Goetzis"]
[BlackTeam "Admiral Fuerstenfeld"]
[WhiteTeamCountry "AUT"]
[BlackTeamCountry "AUT"]

1. Nf3 Nf6 2. c4 g6 3. Nc3 d5 4. d4 Bg7 5. Bg5 dxc4 6. e3 Be6 7. Nd2 c5 8. Bxc4
cxd4 9. exd4 Qxd4 10. Nb5 Qe5+ 11. Qe2 Qxe2+ 12. Kxe2 Bxc4+ 13. Nxc4 Na6 14.
Be3 Nd5 15. Bxa7 Nac7 16. Bd4 Bxd4 17. Nxd4 O-O 18. Rhd1 Rfd8 19. Ne3 Nxe3 20.
fxe3 e5 21. Nf3 1/2-1/2

[Event "AUT_chT"]
[Site "2005/2006"]
[Date "2006.03.24"]
[Round "9"]
[White "Baumegger, Siegfried"]
[Black "Eisenbeiser, Amadeus"]
[Result "1/2-1/2"]
[WhiteElo "2413"]
[BlackElo "2373"]
[PlyCount "48"]
[EventDate "2005.10.??"]
[EventType "team"]
[EventRounds "11"]
[EventCountry "AUT"]
[WhiteTeam "Admiral Fuerstenfeld"]
[BlackTeam "Sparkasse Goetzis"]
[WhiteTeamCountry "AUT"]
[BlackTeamCountry "AUT"]

1. d4 Nf6 2. c4 c5 3. d5 e6 4. Nc3 exd5 5. cxd5 d6 6. e4 g6 7. Nf3 Bg7 8. h3
O-O 9. Bd3 b5 10. Bxb5 Nxe4 11. Nxe4 Qa5+ 12. Nfd2 Qxb5 13. Nxd6 Qa6 14. N2c4
Nd7 15. O-O Ne5 16. Nxe5 Qxd6 17. Nc6 Bb7 18. Be3 Bxc6 19. dxc6 Qxc6 20. Qc2
Rfc8 21. Rab1 a5 22. Rfc1 c4 23. Rd1 Rd8 24. Rbc1 Rxd1+ 1/2-1/2

[Event "AUT_chT"]
[Site "2005/2006"]
[Date "2006.03.24"]
[Round "9"]
[White "Radnetter, Georg"]
[Black "Hengl, Christian"]
[Result "1/2-1/2"]
[WhiteElo "1949"]
[BlackElo "2232"]
[PlyCount "36"]
[EventDate "2005.10.??"]
[EventType "team"]
[EventRounds "11"]
[EventCountry "AUT"]
[WhiteTeam "Admiral Fuerstenfeld"]
[BlackTeam "Sparkasse Goetzis"]
[WhiteTeamCountry "AUT"]
[BlackTeamCountry "AUT"]

1. e4 e6 2. d4 d5 3. Nc3 Nf6 4. Bg5 Be7 5. e5 Nfd7 6. Bxe7 Qxe7 7. f4 a6 8. Nf3
c5 9. dxc5 Nc6 10. Bd3 Qxc5 11. Qd2 b5 12. a3 Bb7 13. b4 Qe7 14. O-O Rc8 15.
Ne2 O-O 16. Ned4 f6 17. Qe3 Nxd4 18. Nxd4 Ra8 1/2-1/2

[Event "AUT_chT"]
[Site "2005/2006"]
[Date "2006.03.24"]
[Round "9"]
[White "Scheffknecht, Philipp"]
[Black "Poetz, Florian"]
[Result "1-0"]
[WhiteElo "2197"]
[BlackElo "2103"]
[PlyCount "115"]
[EventDate "2005.10.??"]
[EventType "team"]
[EventRounds "11"]
[EventCountry "AUT"]
[WhiteTeam "Sparkasse Goetzis"]
[BlackTeam "Admiral Fuerstenfeld"]
[WhiteTeamCountry "AUT"]
[BlackTeamCountry "AUT"]

1. d4 Nf6 2. Nf3 e6 3. c4 b6 4. Bg5 Bb7 5. e3 Be7 6. Bd3 Ne4 7. Bxe7 Qxe7 8.
O-O f5 9. Qc2 O-O 10. Nfd2 Qh4 11. f3 Nxd2 12. Qxd2 d6 13. Nc3 a5 14. Nb5 Na6
15. Rac1 Rac8 16. a3 e5 17. Bb1 Qf6 18. Ba2 Kh8 19. b4 exd4 20. exd4 axb4 21.
axb4 Rfe8 22. Rfe1 Rcd8 23. Bb3 g6 24. Ba4 Rxe1+ 25. Rxe1 Kg7 26. d5 Rd7 27.
Nd4 Re7 28. Ne6+ Kg8 29. Bb5 Bc8 30. Bxa6 Bxa6 31. Rc1 Bc8 32. Nd4 Bd7 33. Ra1
Kg7 34. Kh1 Qe5 35. h3 Qg3 36. Ne2 Qe5 37. Qd4 Kf6 38. Ra7 Bc8 39. Kg1 g5 40.
Kf2 h5 41. g3 c5 42. Qxe5+ Rxe5 43. Rc7 Re8 44. b5 Rh8 45. h4 f4 46. hxg5+ Kxg5
47. Nxf4 h4 48. Rc6 hxg3+ 49. Kxg3 Kf5 50. Ne2 Ke5 51. Kf2 Bf5 52. Ke3 Rh3 53.
Rxb6 Bc2 54. Rb8 Bb3 55. b6 Bxc4 56. b7 Kxd5 57. Rd8 Rh6 58. Nf4+ 1-0

[Event "AUT_chT"]
[Site "2005/2006"]
[Date "2006.03.24"]
[Round "9"]
[White "Baramidze, David"]
[Black "Polzin, Rainer"]
[Result "0-1"]
[WhiteElo "2554"]
[BlackElo "2494"]
[PlyCount "112"]
[EventDate "2005.10.??"]
[EventType "team"]
[EventRounds "11"]
[EventCountry "AUT"]
[WhiteTeam "Hohenems"]
[BlackTeam "Wulkaprodersdorf"]
[WhiteTeamCountry "AUT"]
[BlackTeamCountry "AUT"]

1. e4 c5 2. Nf3 d6 3. d4 cxd4 4. Nxd4 Nf6 5. Nc3 g6 6. Be3 Bg7 7. f3 O-O 8. Qd2
Nc6 9. Bc4 Bd7 10. O-O-O Rc8 11. Bb3 Nxd4 12. Bxd4 b5 13. e5 dxe5 14. Bxe5 Bc6
15. Qxd8 Rfxd8 16. a4 bxa4 17. Bxa4 Bxa4 18. Nxa4 Bh6+ 19. Kb1 Nd5 20. Bd4 Ne3
21. Bxe3 Rxd1+ 22. Rxd1 Bxe3 23. b3 h5 24. c4 h4 25. Rd7 Kf8 26. Nc3 Rb8 27.
Kc2 Ke8 28. Rd3 Bg1 29. h3 e6 30. Rd1 Bc5 31. Ra1 Bd4 32. Ra6 Be3 33. Nb5 Rd8
34. b4 Rd2+ 35. Kb3 Rxg2 36. c5 Bf4 37. Nxa7 Rg3 38. b5 Rxh3 39. Ra1 Rxf3+ 40.
Kc4 Rf2 41. b6 Rc2+ 42. Kb5 h3 43. c6 g5 44. c7 Bxc7 45. bxc7 Rxc7 46. Nc6 Kf8
47. Rg1 Rd7 48. Kc4 h2 49. Rh1 Rd2 50. Ne5 Rf2 51. Kd3 f5 52. Ke3 Ra2 53. Nf3
g4 54. Nxh2 Ra3+ 55. Kf4 Rh3 56. Ke5 Kf7 0-1

[Event "AUT_chT"]
[Site "2005/2006"]
[Date "2006.03.24"]
[Round "9"]
[White "Sprenger, Jan Michael"]
[Black "Atlas, Valeri"]
[Result "1/2-1/2"]
[WhiteElo "2505"]
[BlackElo "2480"]
[PlyCount "37"]
[EventDate "2005.10.??"]
[EventType "team"]
[EventRounds "11"]
[EventCountry "AUT"]
[WhiteTeam "Wulkaprodersdorf"]
[BlackTeam "Hohenems"]
[WhiteTeamCountry "AUT"]
[BlackTeamCountry "AUT"]

1. e4 c5 2. Nf3 e6 3. d4 cxd4 4. Nxd4 Nf6 5. Nc3 d6 6. g4 h6 7. h4 Be7 8. Be3
Nc6 9. Rg1 Nh7 10. Qd2 Bxh4 11. O-O-O Nxd4 12. Qxd4 O-O 13. f4 e5 14. fxe5 dxe5
15. Qxe5 Qf6 16. Qxf6 Nxf6 17. Be2 Be6 18. e5 Nd7 19. Bf4 1/2-1/2

[Event "AUT_chT"]
[Site "2005/2006"]
[Date "2006.03.24"]
[Round "9"]
[White "Naumann, Alexander"]
[Black "Likavsky, Tomas"]
[Result "1/2-1/2"]
[WhiteElo "2532"]
[BlackElo "2493"]
[PlyCount "127"]
[EventDate "2005.10.??"]
[EventType "team"]
[EventRounds "11"]
[EventCountry "AUT"]
[WhiteTeam "Hohenems"]
[BlackTeam "Wulkaprodersdorf"]
[WhiteTeamCountry "AUT"]
[BlackTeamCountry "AUT"]

1. e4 c5 2. Nf3 d6 3. d4 cxd4 4. Nxd4 Nf6 5. Nc3 Nc6 6. Bc4 e6 7. Be3 a6 8. Bb3
Na5 9. f4 b5 10. f5 e5 11. Nde2 Nxb3 12. axb3 b4 13. Nd5 Nxd5 14. Qxd5 Rb8 15.
O-O Be7 16. c4 Bb7 17. Qd3 Qc7 18. Ng3 h5 19. Nh1 a5 20. Nf2 Ra8 21. Bd2 Bc6
22. Qg3 Kf8 23. Bg5 f6 24. Bd2 Qb7 25. Qd3 Kf7 26. Rfe1 Qd7 27. Re3 Bd8 28. Rh3
Kg8 29. Qf3 Qf7 30. Nd3 Kf8 31. Re1 Bc7 32. Kh1 Ke7 33. Nf2 Rag8 34. Nd1 g5 35.
fxg6 Qxg6 36. Ne3 Bxe4 37. Nd5+ Bxd5 38. Qxd5 Qe8 39. Rf3 Rg6 40. Ref1 Qa8 41.
Qd3 Rhg8 42. Qf5 h4 43. Be1 h3 44. Qxh3 Rxg2 45. Bh4 R2g4 46. Bxf6+ Kd7 47.
Qh7+ Kc8 48. h4 Kb8 49. Kh2 e4 50. Bg5 Rc8 51. Rf5 d5+ 52. Kh1 Qc6 53. Rxd5 e3
54. Qf5 Rg3 55. Bf4 e2 56. Re1 Rxb3 57. Rxe2 Bxf4 58. Qxf4+ Ka8 59. Qe4 Kb7 60.
Rxa5 Qxe4+ 61. Rxe4 Rxb2 62. Rb5+ Kc6 63. Re6+ Kd7 64. Re4 1/2-1/2

[Event "AUT_chT"]
[Site "2005/2006"]
[Date "2006.03.24"]
[Round "9"]
[White "Novkovic, Milan"]
[Black "Sommerbauer, Norbert"]
[Result "1/2-1/2"]
[WhiteElo "2402"]
[BlackElo "2452"]
[PlyCount "82"]
[EventDate "2005.10.??"]
[EventType "team"]
[EventRounds "11"]
[EventCountry "AUT"]
[WhiteTeam "Hohenems"]
[BlackTeam "Wulkaprodersdorf"]
[WhiteTeamCountry "AUT"]
[BlackTeamCountry "AUT"]

1. Nf3 g6 2. d4 Bg7 3. e4 d6 4. Bc4 e6 5. Nc3 a6 6. a4 b6 7. O-O Ne7 8. Re1 O-O
9. Be3 h6 10. Qd2 Kh7 11. h4 Nd7 12. Bd3 Nf6 13. e5 Ng4 14. Bf4 dxe5 15. dxe5
Bb7 16. Qe2 Nf5 17. g3 Kg8 18. Rad1 Qe7 19. Be4 Bxe4 20. Nxe4 Qb4 21. b3 Rfd8
22. Bd2 Qe7 23. Bc3 Rxd1 24. Rxd1 Rd8 25. Bb2 Rd7 26. c4 Qd8 27. Rxd7 Qxd7 28.
Kf1 Ne7 29. Ned2 Nc6 30. Ke1 Nb4 31. Qe4 Nd3+ 32. Ke2 Nxb2 33. Qxg4 Qd3+ 34.
Ke1 Qc2 35. Kf1 Nd3 36. Qd4 Nxe5 37. Nxe5 Bxe5 38. Qxe5 Qxd2 39. Qxc7 Qd3+ 40.
Kg2 Qxb3 41. Qd8+ Kg7 1/2-1/2

[Event "AUT_chT"]
[Site "2005/2006"]
[Date "2006.03.24"]
[Round "9"]
[White "Schweda, Roland"]
[Black "Gaertner, Guntram"]
[Result "1-0"]
[WhiteElo "2416"]
[BlackElo "2352"]
[PlyCount "121"]
[EventDate "2005.10.??"]
[EventType "team"]
[EventRounds "11"]
[EventCountry "AUT"]
[WhiteTeam "Wulkaprodersdorf"]
[BlackTeam "Hohenems"]
[WhiteTeamCountry "AUT"]
[BlackTeamCountry "AUT"]

1. d4 Nf6 2. c4 e6 3. Nc3 Bb4 4. e3 c5 5. Nge2 cxd4 6. exd4 d5 7. a3 Bxc3+ 8.
Nxc3 dxc4 9. Bxc4 Nc6 10. Be3 O-O 11. O-O b6 12. Qf3 Bb7 13. Qg3 Ne7 14. Bd3
Ng6 15. Rad1 Nh5 16. Qh3 Qh4 17. Qxh4 Nxh4 18. d5 exd5 19. Be2 Nf6 20. Bg5 Ng6
21. Bxf6 gxf6 22. Bf3 Ne5 23. Bxd5 Bxd5 24. Nxd5 Kg7 25. b3 Rfd8 26. f4 Nc6 27.
b4 Rac8 28. Kf2 Rd6 29. Ne3 Rdd8 30. Rxd8 Nxd8 31. Rd1 Ne6 32. Rd7 a5 33. Nf5+
Kf8 34. Rb7 axb4 35. axb4 Nxf4 36. Rxb6 Ne6 37. Rb7 Nd8 38. Rb6 Ne6 39. Ke3
Rc3+ 40. Kd2 Rc8 41. Rb7 Nd8 42. Nd6 Ra8 43. Rd7 Nc6 44. b5 Ne5 45. Rc7 Kg7 46.
Kc3 Ra3+ 47. Kb4 Ra2 48. b6 Rb2+ 49. Ka5 Ra2+ 50. Kb5 Rb2+ 51. Ka6 Ra2+ 52. Kb7
Kg6 53. Rc3 Nd7 54. Rg3+ Kh5 55. Kc7 Nf8 56. b7 Ne6+ 57. Kd7 Nc5+ 58. Kc6 Na6
59. Rg8 Nb4+ 60. Kb5 Na6 61. Kb6 1-0

[Event "AUT_chT"]
[Site "2005/2006"]
[Date "2006.03.25"]
[Round "10"]
[White "Shengelia, Davit"]
[Black "Likavsky, Tomas"]
[Result "0-1"]
[WhiteElo "2562"]
[BlackElo "2493"]
[PlyCount "86"]
[EventDate "2005.10.??"]
[EventType "team"]
[EventRounds "11"]
[EventCountry "AUT"]
[WhiteTeam "Styria Graz - Kl.Zeitung"]
[BlackTeam "Wulkaprodersdorf"]
[WhiteTeamCountry "AUT"]
[BlackTeamCountry "AUT"]

1. d4 Nf6 2. c4 g6 3. Nc3 Bg7 4. e4 d6 5. Nf3 O-O 6. h3 e5 7. d5 Nh5 8. Nh2 Na6
9. g3 Bd7 10. Be2 Nf6 11. Ng4 Nc5 12. Nxf6+ Bxf6 13. b4 Na6 14. a3 Nb8 15. h4
a5 16. Be3 Bc8 17. Kf1 Nd7 18. Kg2 Be7 19. Bh6 Re8 20. Qd2 Nf6 21. f3 Nh5 22.
Raf1 axb4 23. axb4 Bf6 24. Ra1 Bd7 25. c5 Bg7 26. Rxa8 Qxa8 27. Bxg7 Nxg7 28.
Qb2 f5 29. Ra1 Qd8 30. Qc1 f4 31. Nb5 fxg3 32. Qg5 Nh5 33. Bc4 Qb8 34. Kg1 Kg7
35. Qe3 Rf8 36. cxd6 cxd6 37. Qb6 Bxb5 38. Bxb5 Rxf3 39. Ra7 Rf7 40. Bc6 Qf8
41. Rxb7 Rxb7 42. Bxb7 Qf3 43. Ba6 Nf4 0-1

[Event "AUT_chT"]
[Site "2005/2006"]
[Date "2006.03.25"]
[Round "10"]
[White "Schweda, Roland"]
[Black "Wittmann, Walter"]
[Result "1-0"]
[WhiteElo "2416"]
[BlackElo "2372"]
[PlyCount "63"]
[EventDate "2005.10.??"]
[EventType "team"]
[EventRounds "11"]
[EventCountry "AUT"]
[WhiteTeam "Wulkaprodersdorf"]
[BlackTeam "Styria Graz - Kl.Zeitung"]
[WhiteTeamCountry "AUT"]
[BlackTeamCountry "AUT"]

1. d4 Nf6 2. Nf3 g6 3. g3 Bg7 4. Bg2 O-O 5. O-O d5 6. Nbd2 Nc6 7. c4 dxc4 8.
Nxc4 Be6 9. b3 Bd5 10. Bb2 a5 11. Ne3 Be4 12. a3 Ra6 13. Nc4 Bd5 14. Rc1 Bh6
15. e3 Qa8 16. Qc2 Nd8 17. Nce5 Ne6 18. Ne1 Bxg2 19. Kxg2 a4 20. b4 Rd6 21. Qe2
Rfd8 22. N1d3 Nd5 23. Rc2 b6 24. e4 Nf6 25. d5 Ng5 26. f3 Qc8 27. Nc4 Nh5 28.
g4 Rf6 29. Bxf6 Nxf6 30. h4 Ngxe4 31. fxe4 Nxg4 32. Nde5 1-0

[Event "AUT_chT"]
[Site "2005/2006"]
[Date "2006.03.25"]
[Round "10"]
[White "Voloshin, Leonid"]
[Black "Baramidze, David"]
[Result "1/2-1/2"]
[WhiteElo "2466"]
[BlackElo "2554"]
[PlyCount "29"]
[EventDate "2005.10.??"]
[EventType "team"]
[EventRounds "11"]
[EventCountry "AUT"]
[WhiteTeam "Sparkasse Goetzis"]
[BlackTeam "Hohenems"]
[WhiteTeamCountry "AUT"]
[BlackTeamCountry "AUT"]

1. d4 d5 2. Nf3 Nf6 3. c4 e6 4. Nc3 Be7 5. Bg5 h6 6. Bh4 O-O 7. e3 b6 8. cxd5
Nxd5 9. Bxe7 Qxe7 10. Rc1 Bb7 11. Be2 Rc8 12. O-O Nxc3 13. Rxc3 Nd7 14. Qa4 c5
15. Rfc1 1/2-1/2